|
|
|
|
| LEADER |
00000nab a2200000ua 4500 |
| 001 |
vtls010778383 |
| 003 |
SK-MaSNL |
| 005 |
20260303102742.0 |
| 008 |
230121s1977 xo |||||||||||||||||cze| |
| 035 |
|
|
|a (urnnbn)urn:nbn:sk:snk:ar-a022mu
|
| 035 |
|
|
|a (uuid)cbe61b3c-9f6b-4880-b599-3a00c62e91a6
|
| 035 |
|
|
|a urn:nbn:sk:snk-ab4hc8
|
| 040 |
|
|
|a SNKBUCL
|b slo
|c SNKBUCL
|e AACR2
|
| 041 |
0 |
|
|a cze
|
| 044 |
|
|
|a xo
|c SK
|
| 080 |
|
|
|a 551.435.4
|2 2001
|
| 080 |
|
|
|a 551.4
|2 2011
|
| 080 |
|
|
|a 796.5
|2 2011
|
| 100 |
1 |
|
|a Vítek, Jan
|4 aut
|9 280265
|
| 245 |
1 |
0 |
|a PRUŽINSKÉ SKALY
|c Jan Vítek
|
| 650 |
0 |
7 |
|a skaly
|2 SNKPH
|9 73945
|
| 650 |
0 |
7 |
|a geomorfológia
|2 SNKPH
|9 22491
|
| 650 |
0 |
7 |
|a turistika
|2 SNKPH
|9 683
|
| 773 |
0 |
|
|t Krásy Slovenska : príroda, ľudia, turistika, pamiatky, tradície, jaskyne
|g Roč. 54, č. 5 (1977), s. 220-222
|
| 954 |
|
|
|a odborná, vedecká literatúra cudzojazyčná (svetová)
|2 lita
|
| 954 |
|
|
|a odborná, vedecká literatúra pôvodná (slovenská)
|2 lita
|
| 958 |
|
|
|a OND
|
| 958 |
|
|
|a EUIPO
|
| 958 |
|
|
|a article3
|
| 999 |
|
|
|c 1844659
|d 1846589
|